01515cam a2200373 a 4500999001700000001000900017003000400026005001700030008004100047010001700088020002500105020002200130035002300152035002000175040003700195050001900232082002500251100002700276240001900303245014900322260004800471300002100519500005700540504005400597505014500651650002000796650001900816650005800835650005200893650002700945906004500972942001201017952011201029 c10280d1028014732607OSt20210222102523.0070212r20072004miu b 000 0 eng  a 2007005638 a9780801068089 (pbk.) a0801068088 (pbk.) a(OCoLC)ocm85018137 a(OCoLC)85018137 aDLCcDLCdYDXdBAKERdBTCTAdDLC00aBV600.3bB847S00a262.001/7222bB847S1 aBrewin, Kester,d1972-10aComplex Christ10aSigns of emergence :ba vision for church that is organic/networked/decentralized/bottom- up/communal/flexible/always evolving /cKester Brewin. aGrand Rapids, Mich. :bBaker Books,cc2007. a220 p. ;c22 cm. aOriginally published: Complex Christ, England, 2004. aIncludes bibliographical references (p. 215-220).0 aAdvent -- Incarnation -- Emergence -- The character of the emergent church -- Christ in the city -- Gift -- Dirt -- The emergence of Christ. 0aChurch renewal. 0aChurch growth. 0aChange (Psychology)xReligious aspectsxChristianity. 0aPostmodernismxReligious aspectsxChristianity. 0aMission of the church. a7bcbccorignewd1eecipf20gy-gencatlg 2ddccBK 00102ddc40708NFICaHMCbHMCcGENd2021-02-22l0o262 B847Sp011872r2021-02-22 00:00:00w2021-02-22yBK